000 00885nam a2200253 a 4500
001 000016869
005 20200929164957.0
008 100311s1948 sp 000 d spa d
040 _aDO-SdBNP
_bspa
_cBNPHU
082 _a862.3
_bV436r
100 1 _aVélez de Guevara, Luis,
_d1579-1644
_94138
245 1 0 _aReinar después de morir /
_cLuis Vélez de Guevara ; edición, prólogo y notas de Manuel Muñoz Cortés.
260 _aMadrid :
_bEspasa-Calpe,
_c1948.
300 _a204 p. ;
_c18 cm.
490 1 _aClásicos castellanos
_v132
504 _aIncluye referencias bibliográficas y notas al pie de las páginas.
650 4 _aNovela española
_91123
650 4 _aLiteratura española
_9632
740 3 _aEl diablo está en Cantillana
700 1 _aMuñoz Cortéz, Manuel,
_epról.
_937346
830 0 _aClásicos castellanos ;
_v132
_94180
910 _aWM
049 _aBNGR
999 _c16401
_d16401